与田祐希自作Tシャツに書かれている言葉からメンバーを当てるクイズ - Statistics

General Stats
  • This quiz has been taken 14 times
  • The average score is 12 of 20
Answer Stats
Hint Answer % Correct
3メートル 梅澤美波
100%
子分 一ノ瀬美空
92%
プチトマト 小川彩
92%
マイナスイオキ 五百城茉央
92%
黒豚 日村勇紀
83%
ほぼ猫 井上和
83%
親分 久保史緒里
83%
3センチ 与田祐希
83%
きずな 林瑠奈
75%
中2 設楽統
75%
セクシー 金川紗耶
50%
YDD 中西アルノ
50%
寝たい 池田瑛紗
42%
先輩だぞ! 奥田いろは
42%
部屋着 遠藤さくら
33%
懐きます 川﨑桜
33%
英才教育 IQ200 弓木奈於
33%
笑う門には福来る 賀喜遥香
33%
姐さん 田村真佑
25%
甘えたい♡ 筒井あやめ
25%
No matching quizzes found
Score Distribution
Percent of People with Each Score
Percentile by Number Answered
Your Score History
You have not taken this quiz